00745nam a22001337a 4500003000400000005001700004008004100021040000900062082002700071100001600098245044300114260002900557300002500586OSt20151019152347.0151019b xxu||||| |||| 00| 0 eng d cRUA  aAVM YAN 2009 B088 Or.1 aYANN KOSAL  aEffect of replacing soybean and dry fish by a1111 on growth performance of broiler in animal experimental station of rua, (ប្រសិទ្ធភាពនៃការជំនួសសណ្ដែកសៀង និងត្រីហាលដោយមេចំណី A1111 លើការលូតលាស់របស់មាន់សាច់ នៅស្ថានីយ៍ចិញ្ចឹមសត្វ នៃ ស.វ.ភ.ក) aphnom penh brua c2009  axi, 41p.billc29cm.